College Football Cities: Big 12 - Statistics

General Stats
  • This quiz has been taken 120 times
    109 since last reset
  • The average score is 12 of 16
Answer Stats
School City % Correct
Colorado Boulder, CO
89%
Baylor Waco, TX
88%
Utah Salt Lake City, UT
82%
UCF Orlando, FL
81%
BYU Provo, UT
76%
TCU Fort Worth, TX
75%
West Virginia Morgantown, WV
75%
Kansas Lawrence, KS
74%
Texas Tech Lubbock, TX
74%
Arizona State Tempe, AZ
74%
Kansas State Manhattan, KS
71%
Oklahoma State Stillwater, OK
69%
_______ Houston, TX
68%
Arizona Tucson, AZ
68%
Iowa State Ames, IA
64%
__________ Cincinnati, OH
61%
No matching quizzes found
Score Distribution
Percent of People with Each Score
Percentile by Number Answered
Your Score History
You have not taken this quiz since the last reset